| 000 | 01215pam a2200349 a 4500 | ||
|---|---|---|---|
| 999 |
_c28889 _d28860 |
||
| 001 | 013596695 | ||
| 003 | EG-ScBUE | ||
| 005 | 20201010104410.0 | ||
| 008 | 061101s2008 maua f b 001 0 eng d | ||
| 020 | _a9780071259309 (pbk.) | ||
| 020 | _a0071259309 | ||
| 040 |
_aStDuBDS _beng _erda _cStDuBDS _dUk _dEG-ScBUE |
||
| 082 | 0 | 4 |
_a658.4 _bLUT _222 |
| 100 | 1 |
_aLuthans, Fred, _eauthor. |
|
| 245 | 1 | 0 |
_aOrganizational behavior / _cFred Luthans, George Holmes Distinguished Professor of Management, University of Nebraska. |
| 250 | _aEleventh edition. | ||
| 250 | _aInternational edition. | ||
| 264 | 1 |
_aBoston : _bMcGraw-Hill, _c2008. |
|
| 300 |
_axvi, 592 pages : _billustrations ; _c26 cm |
||
| 336 |
_atext _2rdacontent _btxt |
||
| 337 |
_aunmediated _2rdamedia _bn |
||
| 338 |
_avolume _2rdacarrier _bnc |
||
| 500 | _aPrevious ed.: Boston, Mass.; London: McGraw-Hill/Irwin, 2005. | ||
| 500 |
_aFormerly CIP. _5Uk |
||
| 504 | _aIncludes bibliographical references and index. | ||
| 650 | 7 |
_aOrganizational behavior. _2BUEsh |
|
| 653 |
_bBUSADM _cOctober2020 |
||
| 655 | _vReading book | ||
| 942 |
_2ddc _cBB |
||